Deutschsprachige Spielfilme als Medium interkultureller Sensibilisierung im Rahmen des Tourismus-bezogenen Fachsprachenunterrichts Deutsch

Salvato in:
Dettagli Bibliografici
Autore principale: Blahak, Boris
Altri autori: Piber, Clemens
Natura: Capitolo di libro
Lingua:tedesco
Soggetti:
Tags: Aggiungi Tag
Nessun Tag, puoi essere il primo ad aggiungerne!!

MARC

LEADER 00000nla$a2200000$$$4500
001 0120452
005 20240502072344.2
041 0 |a ger 
044 |a SK 
245 1 0 |a Deutschsprachige Spielfilme als Medium interkultureller Sensibilisierung im Rahmen des Tourismus-bezogenen Fachsprachenunterrichts Deutsch  |c Boris Blahak, Clemens Piber 
610 2 0 |a jazyky cudzie 
610 2 0 |a nemčina 
610 2 0 |a kultúra 
610 2 0 |a identita 
610 2 0 |a ruch cestovný 
610 2 0 |a film 
610 2 0 |a komunikácia 
100 1 |a Blahak, Boris 
700 1 |a Piber, Clemens